000
00329nam a2200133Ia 4500
008
231129s1968||||xx |||||||||||||| ||spa||
040
_b
spa
082
_a
Co863.44 D946n
100
_a
Duque López Alberto
245
0
_a
Nueva historia de mateo el flautista
260
_c
1968
264
_a
Ediciones Lerner
942
_2
ddc
_c
BKS
999
_c
21871
_d
21871